| 000 | 00892nam a22001817a 4500 | ||
|---|---|---|---|
| 005 | 20241127130118.0 | ||
| 010 | _aHIN-128820 | ||
| 020 |
_a9788196111663 _c450.00 |
||
| 035 | _aHN-101166 | ||
| 037 | _bDBAD | ||
| 082 | _a330.954 | ||
| 100 |
_aसच्चिदानंद मिश्र _974131 |
||
| 245 |
_aनरेन्द्र मोदी का राष्ट्रोंमुखी विकास / _cसच्चिदानंद मिश्र एवं रजनीकांत तिवारी |
||
| 260 |
_aनई दिल्ली _bबरखा पब्लिकेशन्स _c2024 |
||
| 270 |
_a111, गली नं.4 हरफूल विहार , बापरौला , _bनई दिल्ली _e110043 |
||
| 300 |
_a144पृ. _c22सेमी(सजिल्द) |
||
| 942 |
_2ddc _cHN _h330.954 _mसच्चिदा |
||
| 999 |
_c207071 _d207071 |
||